Top African Goalscorers in Different Football Competitions - Statistics

General Stats
  • This quiz has been taken 42 times
  • The average score is 7 of 22
Answer Stats
Competition Goals Years Club(s) Nat. Answer % Correct
UEFA Champions League/European Cup -- Men 44 2003-2015 Chelsea, Galatasaray, Olympique Marseille 🇨🇮 Didier Drogba
98%
Premier League -- Men 164 2013-'15, 2017- Liverpool, Chelsea 🇪🇬 Mohamed Salah
93%
Spanish La Liga -- Men 162 1998-2009 Barcelona, Real Mallorca, Real Madrid 🇨🇲 Samuel Eto'o
93%
Europa League/UEFA Cup 34 2009-2024 Arsenal, Olympique Marseille, Borussia Dortmund, Lille, Barcelona 🇬🇦 Pierre-Emerick Aubameyang
88%
German Bundesliga 98 2013-2018 Borussia Dortmund 🇬🇦 Pierre-Emerick Aubameyang
88%
Serie A -- Men 65 2020-2024 Napoli 🇳🇬 Victor Osimhen
88%
FIFA World Cup Finals -- Men 6 2006, 2010, 2014 --- 🇬🇭 Asamoah Gyan
63%
Major League Soccer 152 2006- Los Angeles FC, Sporting Kansas City, Columbus Crew, Houston Dynamo, Colorado Rapids, Montréal, Minnesota United, Chicago Fire, San Jose Earthquakes 🇸🇱 Kei Kamara
20%
International Football -- Men 79 1968-1980 --- 🇿🇲 Godfrey Chitalu
15%
AFC Champions League 26 2016-2024 Al-Sadd SC 🇩🇿 Baghdad Bounedjah
13%
UEFA Champions League -- Women 13 2015-2024 Barcelona, Liverpool 🇳🇬 Asisat Oshoala
10%
Dutch Eredivisie 117 1998-2014 Vitesse Arnhem, NAC Breda, Fortuna Sittard, Heracles Almelo 🇬🇭 Matthew Amoah
10%
Frauen Bundesliga -- Germany 62 2011-'15, 2018 Turbine Potsdam, MSV Duisburg 🇬🇶 Genoveva Añonman
8%
Spanish Liga F -- Women 127 2003-'15, 2016-'21 Rayo Vallecano, Logroño, Torrejón, Atlético Madrid, Madrid CFF 🇬🇶 Jade Boho
8%
Africa Cup of Nations -- Men 14 1968, 1970, 1974, 1980 --- 🇨🇮 Laurent Pokou
8%
International Football -- Women 101 2000-2015 --- 🇿🇦 Portia Modise
8%
Scottish Premier League 22 2007-2012 Aberdeen, Rangers 🇳🇬 Sone Aluko
8%
Turkish Süper Lig 100 1993-2003 Genclerbirligi, Antalyaspor, Diyarbakirspor, Istanbulspor 🇨🇩 Andre Kona
5%
French Division 1 Féminine 52 2014-2022 EA Guingamp, Dijon 🇳🇬 Desire Oparanozie
5%
French Ligue 1 -- Men 173 1955-1965 Nîmes, Stade de Reims, AS Monaco 🇲🇦 Hassan Akesbi
5%
Portuguese Primeira Liga 94 1992-2002 Farense, Benfica 🇲🇦 Hassan Nader
5%
CAF Champions League 39 2007-2021 TP Mazembe, Kabuscorp 🇨🇩 Trésor Mputu
5%
No matching quizzes found
Score Distribution
Percent of People with Each Score
Percentile by Number Answered
Your Score History
You have not taken this quiz